000 01103cam a22003017a 4500
001 15398253
003 OSt
005 20230606143802.0
008 080806s2008 ke a 000 0 eng
010 _a 2008349941
020 _a9966050930
040 _aDLC
_cDLC
_dDLC
042 _alcode
050 0 0 _aMLCM 2009/40799 (R)
082 _a616.97
_bNDI
100 1 _aNdicho, Stephen.
245 1 4 _aThe 3rd world war :
_bHIV/AIDS /
_cStephen Ndicho.
246 3 _aThird world war :
_bHIV/AIDS
250 _a5th ed.
260 _aNairobi :
_bSupernatural Trading Co.,
_c2008.
300 _ax, 376 p. :
_bill. ;
_c25 cm.
500 _a"Drug and substance abuse, alcohol & alcoholism, the tobacco menace, pornography & rape."
500 _a"Plus, a maths dictionary for high schools and colleges, roll of famous mathematicians over centuries."
856 4 1 _3Table of contents only
_uhttp://www.loc.gov/catdir/toc/fy0903/2008349941.html
906 _a7
_bcbc
_corigode
_d3
_encip
_f20
_gy-gencatlg
942 _2ddc
_cBK
999 _c695
_d695